La injuria laboral objetiva en bloqueos y tomas de establecimientos. Presunciones de injurias en medidas de acción directa. La reforma al art. 242 LCT: justa causa de despido / (Registro nro. 5993)
[ vista simple ]
| 000 -LEADER | |
|---|---|
| fixed length control field | 01559nab a22002537a 4500 |
| 003 - CONTROL NUMBER IDENTIFIER | |
| control field | OSt |
| 005 - DATE AND TIME OF LATEST TRANSACTION | |
| control field | 20260115190141.0 |
| 008 - FIXED-LENGTH DATA ELEMENTS--GENERAL INFORMATION | |
| fixed length control field | 190605e xxu||||| |||| 00| 0 spa d |
| 040 ## - CATALOGING SOURCE | |
| Transcribing agency | PJ |
| 100 ## - MAIN ENTRY--PERSONAL NAME | |
| 9 (RLIN) | 6158 |
| Personal name | Cuadrado, Aníbal C. |
| 245 13 - TITLE STATEMENT | |
| Title | La injuria laboral objetiva en bloqueos y tomas de establecimientos. Presunciones de injurias en medidas de acción directa. La reforma al art. 242 LCT: justa causa de despido / |
| Statement of responsibility, etc | Aníbal Cuadrado. |
| 260 ## - PUBLICATION, DISTRIBUTION, ETC. (IMPRINT) | |
| Place of publication, distribution, etc | Ciudad Autónoma de Buenos Aires : |
| Name of publisher, distributor, etc | Thomson Reuters La Ley, |
| Date of publication, distribution, etc | 2025. |
| 300 ## - PHYSICAL DESCRIPTION | |
| Extent | p. 12-19 |
| 500 ## - GENERAL NOTE | |
| General note | Cita Online: Cita: TR LALEY AR/DOC/3129/2024. |
| 505 ## - FORMATTED CONTENTS NOTE | |
| Formatted contents note | Sumario: I. Introducción.— II. De sus antecedentes y su reforma bajo la luz constitucional.— III. La concreta modificación introducida por la ley 27.742.— IV. Participación activa en bloqueos y tomas de establecimiento. El carácter objetivo de la injuria.— V. Las presunciones de injuria grave en el marco de una medida de acción directa.— VI. La intimación previa y su excepción.— VII. Reflexiones finales: ¿era necesaria la tipificación de esta injuria? <br/> |
| 505 ## - FORMATTED CONTENTS NOTE | |
| Title | ¿Te interesa el texto completo? Solicitalo al correo: koha@justierradelfuego.gov.ar<br/> |
| 650 #0 - SUBJECT ADDED ENTRY--TOPICAL TERM | |
| 9 (RLIN) | 1316 |
| Topical term or geographic name as entry element | DERECHO LABORAL |
| 650 #0 - SUBJECT ADDED ENTRY--TOPICAL TERM | |
| 9 (RLIN) | 1323 |
| Topical term or geographic name as entry element | CONTRATO DE TRABAJO |
| 650 #0 - SUBJECT ADDED ENTRY--TOPICAL TERM | |
| 9 (RLIN) | 1533 |
| Topical term or geographic name as entry element | DESPIDO |
| 650 #0 - SUBJECT ADDED ENTRY--TOPICAL TERM | |
| 9 (RLIN) | 1378 |
| Topical term or geographic name as entry element | DESPIDO SIN CAUSA |
| 650 #0 - SUBJECT ADDED ENTRY--TOPICAL TERM | |
| 9 (RLIN) | 4573 |
| Topical term or geographic name as entry element | INJURIA LABORAL |
| 773 0# - HOST ITEM ENTRY | |
| Host Biblionumber | 2711 |
| Host Itemnumber | 3168 |
| Place, publisher, and date of publication | Ciudad Autónoma de Buenos Aires : Thomson Reuters La Ley, 1999-2002. |
| Title | Revista de derecho del trabajo. Nº 2 - Marzo 2025 |
| 942 ## - ADDED ENTRY ELEMENTS (KOHA) | |
| Source of classification or shelving scheme | |
| Koha item type | Analítica Artículo de Revista |
No hay ítems disponibles.
